[Event "Deutsche Ländermeisterschaft 2023"]
[Site "Hannover GER"]
[Date "2023.10.01"]
[Round "1"]
[White "Sheng, Ming"]
[Black "Sickmann, Lisa"]
[Result "0-1"]
[Termination "normal"]
[Board "6.6"]
[WhiteElo "1705"]
[BlackElo "1864"]
[WhiteClock "00:02:08"]
[BlackClock "00:01:36"]
[WhiteTeam "Saarland & Friends"]
[BlackTeam "Schleswig-Holstein"]
[PlyCount "76"]
[WhiteFideId "34605258"]
[BlackFideId "16267818"]
[EventCountry "GER"]
[EventRounds "7"]
[EventType "team-swiss"]
[EventDate "2023.09.30"]

1. e4 {[%clk 01:30:58]} e5 {[%clk 01:30:55]} {[%emt 00:00:05]} 2. Nf3 {[%clk
01:31:24]} {[%emt 00:00:05]} Nc6 {[%clk 01:31:22]} {[%emt 00:00:03]} 3. Bc4
{[%clk 01:31:47]} {[%emt 00:00:07]} Bc5 {[%clk 01:31:46]} {[%emt 00:00:05]} 4.
c3 {[%clk 01:32:13]} {[%emt 00:00:05]} Nf6 {[%clk 01:32:12]} {[%emt 00:00:05]}
5. d3 {[%emt 00:00:23]} a6 {[%clk 01:32:32]} 6. O-O {[%clk 01:32:48]} {[%emt
00:00:11]} d6 {[%clk 01:32:59]} {[%emt 00:00:03]} 7. a4 {[%clk 01:33:05]}
{[%emt 00:00:13]} O-O {[%clk 01:33:04]} {[%emt 00:00:24]} 8. Re1 {[%clk
01:32:17]} {[%emt 00:01:19]} h6 {[%clk 01:16:03]} {[%emt 00:17:31]} 9. h3
{[%clk 01:32:20]} {[%emt 00:00:27]} Re8 {[%clk 01:15:33]} {[%emt 00:01:00]} 10.
Nbd2 {[%clk 01:11:57]} {[%emt 00:20:52]} Be6 {[%clk 01:12:41]} {[%emt
00:03:23]} 11. Bxe6 {[%clk 01:09:29]} {[%emt 00:02:58]} Rxe6 {[%clk 01:12:48]}
{[%emt 00:00:22]} 12. Nc4 {[%clk 01:07:30]} {[%emt 00:02:29]} d5 {[%clk
01:04:03]} {[%emt 00:09:16]} 13. exd5 {[%clk 01:04:25]} {[%emt 00:03:34]} Qxd5
{[%clk 01:04:20]} {[%emt 00:00:13]} 14. Ne3 {[%clk 00:59:25]} {[%emt 00:05:29]}
Qd7 {[%clk 00:54:52]} {[%emt 00:09:58]} 15. b4 {[%clk 00:56:53]} {[%emt
00:03:03]} Bxe3 {[%clk 00:53:47]} {[%emt 00:01:36]} 16. Bxe3 {[%clk 00:55:49]}
{[%emt 00:01:32]} Rd8 {[%clk 00:52:21]} {[%emt 00:01:58]} 17. d4 {[%clk
00:55:06]} {[%emt 00:01:12]} e4 {[%clk 00:45:04]} {[%emt 00:07:47]} 18. Nh2
{[%clk 00:44:37]} {[%emt 00:10:58]} Nd5 {[%clk 00:42:40]} {[%emt 00:02:55]} 19.
Qc2 {[%clk 00:39:03]} {[%emt 00:06:02]} b5 {[%clk 00:33:48]} {[%emt 00:09:24]}
20. axb5 {[%clk 00:36:20]} {[%emt 00:03:12]} axb5 {[%clk 00:34:11]} {[%emt
00:00:08]} 21. Bd2 {[%clk 00:32:09]} {[%emt 00:04:40]} f5 {[%clk 00:33:37]}
{[%emt 00:01:04]} 22. f3 {[%clk 00:30:45]} {[%emt 00:01:53]} e3 {[%clk
00:26:19]} {[%emt 00:07:48]} 23. Bc1 {[%clk 00:29:41]} {[%emt 00:01:34]} f4
{[%clk 00:20:48]} {[%emt 00:06:03]} 24. Bb2 {[%clk 00:27:58]} {[%emt 00:02:12]}
Rf8 {[%clk 00:15:24]} {[%emt 00:05:54]} 25. Rad1 {[%clk 00:25:36]} {[%emt
00:02:50]} Nce7 {[%clk 00:10:23]} {[%emt 00:05:33]} 26. c4 {[%clk 00:21:58]}
{[%emt 00:04:08]} Rc6 {[%clk 00:09:26]} {[%emt 00:01:28]} 27. c5 {[%clk
00:21:33]} {[%emt 00:00:54]} h5 {[%clk 00:08:04]} {[%emt 00:01:53]} 28. Bc3
{[%clk 00:19:22]} {[%emt 00:02:40]} Rg6 {[%clk 00:07:04]} {[%emt 00:01:31]} 29.
Kh1 {[%clk 00:17:44]} {[%emt 00:02:06]} Nf5 {[%clk 00:06:37]} {[%emt 00:00:58]}
30. Nf1 {[%clk 00:17:26]} {[%emt 00:00:46]} Nh4 {[%clk 00:06:07]} {[%emt
00:01:02]} 31. Re2 {[%clk 00:17:10]} {[%emt 00:00:40]} Nxc3 {[%clk 00:01:55]}
{[%emt 00:04:48]} 32. Qxc3 {[%clk 00:16:17]} {[%emt 00:01:23]} Nxg2 {[%clk
00:02:18]} {[%emt 00:00:07]} 33. Qc2 {[%clk 00:05:30]} {[%emt 00:11:17]} Qxh3+
{[%clk 00:02:06]} {[%emt 00:00:41]} 34. Nh2 {[%clk 00:05:42]} {[%emt 00:00:17]}
Nh4 {[%clk 00:02:20]} {[%emt 00:00:18]} 35. Qa2+ {[%clk 00:03:40]} {[%emt
00:02:31]} Kh7 {[%clk 00:02:23]} {[%emt 00:00:27]} 36. Rg1 {[%clk 00:02:07]}
{[%emt 00:02:02]} Rxg1+ {[%clk 00:01:03]} {[%emt 00:01:52]} 37. Kxg1 {[%clk
00:02:29]} {[%emt 00:00:08]} Rf6 {[%clk 00:01:10]} {[%emt 00:00:23]} 38. Qc2+
{[%clk 00:02:08]} {[%emt 00:00:50]} Rg6+ {[%clk 00:01:36]} {[%emt 00:00:06]}
0-1

[Event "Deutsche Ländermeisterschaft 2023"]
[Site "Hannover GER"]
[Date "2023.10.01"]
[Round "1"]
[White "Lanert, Theodor"]
[Black "Färber, Anna"]
[Result "0-1"]
[Termination "normal"]
[Board "6.7"]
[WhiteElo "1404"]
[BlackElo "1309"]
[WhiteClock "00:37:21"]
[BlackClock "00:03:42"]
[WhiteTeam "Schleswig-Holstein"]
[BlackTeam "Saarland & Friends"]
[PlyCount "176"]
[WhiteFideId "34605576"]
[BlackFideId "34633480"]
[EventCountry "GER"]
[EventRounds "7"]
[EventType "team-swiss"]
[EventDate "2023.09.30"]

1. e4 {[%clk 01:30:52]} {[%emt 00:00:07]} e6 {[%clk 01:30:54]} {[%emt
00:00:06]} 2. d4 {[%clk 01:31:17]} {[%emt 00:00:06]} d5 {[%clk 01:31:21]}
{[%emt 00:00:03]} 3. exd5 {[%clk 01:31:41]} {[%emt 00:00:06]} exd5 {[%clk
01:31:46]} {[%emt 00:00:05]} 4. c4 {[%clk 01:32:04]} {[%emt 00:00:08]} Nf6
{[%clk 01:32:12]} {[%emt 00:00:04]} 5. Nc3 {[%clk 01:32:13]} {[%emt 00:00:21]}
Bb4 {[%clk 01:32:35]} {[%emt 00:00:06]} 6. a3 {[%clk 01:32:20]} {[%emt
00:00:23]} Bxc3+ {[%clk 01:30:56]} {[%emt 00:02:08]} 7. bxc3 {[%clk 01:32:48]}
{[%emt 00:00:03]} O-O {[%clk 01:30:52]} {[%emt 00:00:34]} 8. Nf3 {[%clk
01:31:47]} {[%emt 00:01:30]} Re8+ {[%clk 01:29:35]} {[%emt 00:01:48]} 9. Be2
{[%clk 01:28:34]} {[%emt 00:03:43]} dxc4 {[%clk 01:26:39]} {[%emt 00:03:25]}
10. O-O {[%clk 01:28:58]} {[%emt 00:00:07]} Be6 {[%clk 01:22:39]} {[%emt
00:04:29]} 11. Rb1 {[%clk 01:26:50]} {[%emt 00:02:39]} Nbd7 {[%clk 01:20:16]}
{[%emt 00:02:53]} 12. a4 {[%clk 01:24:16]} {[%emt 00:03:05]} a5 {[%clk
01:18:11]} {[%emt 00:02:34]} 13. Ba3 {[%clk 01:21:29]} {[%emt 00:03:17]} Nd5
{[%clk 01:15:04]} {[%emt 00:03:36]} 14. Rc1 {[%clk 01:19:49]} {[%emt 00:02:09]}
N7b6 {[%clk 01:14:25]} {[%emt 00:01:08]} 15. Ne5 {[%clk 01:16:57]} {[%emt
00:03:25]} Ne7 {[%clk 01:08:06]} {[%emt 00:06:48]} 16. Bc5 {[%clk 01:15:00]}
{[%emt 00:02:28]} f6 {[%clk 00:59:39]} {[%emt 00:08:56]} 17. Nf3 {[%clk
01:14:51]} {[%emt 00:00:39]} Nd7 {[%clk 00:58:13]} {[%emt 00:01:55]} 18. Bxe7
{[%clk 01:13:16]} {[%emt 00:02:07]} Rxe7 {[%clk 00:55:48]} {[%emt 00:02:55]}
19. d5 {[%clk 01:13:38]} {[%emt 00:00:07]} Bf7 {[%clk 00:56:01]} {[%emt
00:00:16]} 20. Bxc4 {[%clk 01:12:53]} {[%emt 00:01:16]} Nb6 {[%clk 00:56:00]}
{[%emt 00:00:31]} 21. d6 {[%clk 01:11:54]} {[%emt 00:01:30]} Qxd6 {[%clk
00:52:40]} {[%emt 00:03:49]} 22. Bxf7+ {[%clk 01:11:50]} {[%emt 00:00:35]} Kxf7
{[%clk 00:52:48]} {[%emt 00:00:21]} 23. Nd4 {[%clk 01:01:59]} {[%emt 00:10:22]}
Re5 {[%clk 00:46:43]} {[%emt 00:06:32]} 24. Qc2 {[%clk 01:01:01]} {[%emt
00:01:31]} g6 {[%clk 00:44:43]} {[%emt 00:02:29]} 25. Qb2 {[%clk 00:58:13]}
{[%emt 00:03:18]} Rd8 {[%clk 00:39:59]} {[%emt 00:05:13]} 26. Nb5 {[%clk
00:56:37]} {[%emt 00:02:08]} Qc5 {[%clk 00:38:44]} {[%emt 00:01:43]} 27. Qb3+
{[%clk 00:56:20]} {[%emt 00:00:49]} Kg7 {[%clk 00:38:15]} {[%emt 00:00:58]} 28.
Nd4 {[%clk 00:55:25]} {[%emt 00:01:27]} Rde8 {[%clk 00:37:06]} {[%emt
00:01:34]} 29. Nf3 {[%clk 00:54:26]} {[%emt 00:01:33]} Re2 {[%clk 00:35:57]}
{[%emt 00:01:38]} 30. Nd4 {[%clk 00:54:08]} {[%emt 00:00:49]} R2e4 {[%clk
00:36:05]} {[%emt 00:00:20]} 31. Rb1 {[%clk 00:50:25]} {[%emt 00:04:16]} Qe5
{[%clk 00:32:40]} {[%emt 00:03:53]} 32. Nf3 {[%clk 00:47:00]} {[%emt 00:03:57]}
Qe7 {[%clk 00:32:43]} {[%emt 00:00:21]} 33. Qb5 {[%clk 00:43:36]} {[%emt
00:03:58]} Rxa4 {[%clk 00:29:31]} {[%emt 00:03:42]} 34. Rbe1 {[%clk 00:43:22]}
{[%emt 00:00:44]} Re4 {[%clk 00:29:48]} {[%emt 00:00:12]} 35. Rxe4 {[%clk
00:43:37]} {[%emt 00:00:16]} Qxe4 {[%clk 00:30:14]} {[%emt 00:00:04]} 36. Qxa5
{[%clk 00:43:54]} {[%emt 00:00:13]} Qc4 {[%clk 00:26:36]} {[%emt 00:04:04]} 37.
Qa7 {[%clk 00:41:44]} {[%emt 00:02:43]} Qd5 {[%clk 00:26:12]} {[%emt 00:00:53]}
38. Qa3 {[%clk 00:40:25]} {[%emt 00:01:51]} Qc4 {[%clk 00:22:44]} {[%emt
00:03:57]} 39. Qa7 {[%clk 00:40:43]} {[%emt 00:00:14]} Qe4 {[%clk 00:12:56]}
{[%emt 00:10:18]} 40. Qa3 {[%clk 00:40:16]} {[%emt 00:00:57]} Nd5 {[%clk
00:11:52]} {[%emt 00:01:32]} 41. Qb3 {[%clk 00:38:06]} {[%emt 00:02:43]} Nf4
{[%clk 00:10:31]} {[%emt 00:01:50]} 42. Rd1 {[%clk 00:30:00]} {[%emt 00:08:37]}
g5 {[%clk 00:03:04]} {[%emt 00:07:54]} 43. h3 {[%clk 00:26:45]} {[%emt
00:03:49]} Nxh3+ {[%clk 00:01:56]} {[%emt 00:01:38]} 44. gxh3 {[%clk 00:27:04]}
{[%emt 00:00:11]} Qxf3 {[%clk 00:02:16]} {[%emt 00:00:09]} 45. Rd7+ {[%clk
00:27:25]} {[%emt 00:00:08]} Kh6 {[%clk 00:01:41]} {[%emt 00:01:05]} 46. Rxh7+
{[%clk 00:27:48]} {[%emt 00:00:08]} Kxh7 {[%clk 00:01:47]} {[%emt 00:00:24]}
47. Qf7+ {[%clk 00:28:12]} {[%emt 00:00:06]} Kh6 {[%clk 00:01:59]} {[%emt
00:00:17]} 48. Qxe8 {[%clk 00:28:28]} {[%emt 00:00:15]} Qd1+ {[%clk 00:29:07]}
{[%emt 00:03:21]} 49. Kg2 {[%clk 00:57:37]} {[%emt 00:01:22]} Qd5+ {[%clk
00:28:10]} {[%emt 00:01:26]} 50. Kg1 {[%clk 00:57:50]} {[%emt 00:00:17]} Kg7
{[%emt 00:01:58]} 51. Qe7+ {[%clk 00:57:24]} {[%emt 00:00:53]} Qf7 {[%clk
00:27:07]} {[%emt 00:00:08]} 52. Qb4 {[%clk 00:57:39]} {[%emt 00:00:16]} b6
{[%clk 00:23:50]} {[%emt 00:03:46]} 53. Qg4 {[%clk 00:57:29]} {[%emt 00:00:40]}
b5 {[%clk 00:21:32]} {[%emt 00:02:48]} 54. h4 {[%clk 00:56:47]} {[%emt
00:01:13]} Kh6 {[%clk 00:19:54]} {[%emt 00:02:07]} 55. hxg5+ {[%clk 00:56:34]}
{[%emt 00:00:44]} fxg5 {[%clk 00:20:14]} {[%emt 00:00:10]} 56. Qh3+ {[%clk
00:56:49]} {[%emt 00:00:15]} Kg7 {[%emt 00:01:36]} 57. Qg4 {[%clk 00:56:48]}
{[%emt 00:00:25]} c5 {[%clk 00:16:21]} {[%emt 00:03:23]} 58. f3 {[%clk
00:52:44]} {[%emt 00:04:35]} Qe7 {[%clk 00:14:34]} {[%emt 00:02:16]} 59. Kf2
{[%clk 00:51:34]} {[%emt 00:01:41]} b4 {[%clk 00:13:36]} {[%emt 00:01:28]} 60.
cxb4 {[%clk 00:51:31]} {[%emt 00:00:32]} cxb4 {[%clk 00:14:03]} {[%emt
00:00:03]} 61. Qd4+ {[%clk 00:51:37]} {[%emt 00:00:24]} Kg6 {[%clk 00:14:01]}
{[%emt 00:00:32]} 62. Qh8 {[%clk 00:49:11]} {[%emt 00:02:54]} Qc5+ {[%clk
00:12:42]} {[%emt 00:01:50]} 63. Kg2 {[%clk 00:49:08]} {[%emt 00:00:35]} Qc2+
{[%clk 00:12:42]} {[%emt 00:00:30]} 64. Kg3 {[%clk 00:49:29]} {[%emt 00:00:09]}
Qc7+ {[%clk 00:12:30]} {[%emt 00:00:42]} 65. Kf2 {[%clk 00:49:42]} {[%emt
00:00:17]} Qb6+ {[%clk 00:12:36]} {[%emt 00:00:23]} 66. Kg2 {[%clk 00:49:52]}
{[%emt 00:00:22]} Qe6 {[%clk 00:12:35]} {[%emt 00:00:30]} 67. Qd8 {[%clk
00:49:34]} {[%emt 00:00:48]} b3 {[%clk 00:11:58]} {[%emt 00:01:09]} 68. Qd3+
{[%clk 00:49:32]} {[%emt 00:00:32]} Kg7 {[%clk 00:11:43]} {[%emt 00:00:37]} 69.
Qc3+ {[%clk 00:49:22]} {[%emt 00:00:46]} Kf7 {[%clk 00:11:44]} {[%emt
00:00:29]} 70. Qh8 {[%clk 00:41:00]} {[%emt 00:08:51]} Qe2+ {[%clk 00:09:12]}
{[%emt 00:03:04]} 71. Kg3 {[%clk 00:41:20]} {[%emt 00:00:10]} Qe1+ {[%clk
00:08:57]} {[%emt 00:00:44]} 72. Kg2 {[%clk 00:41:40]} {[%emt 00:00:10]} Qd2+
{[%clk 00:09:04]} {[%emt 00:00:23]} 73. Kg3 {[%clk 00:41:45]} {[%emt 00:00:25]}
Qd6+ {[%clk 00:08:36]} {[%emt 00:00:58]} 74. Kg2 {[%clk 00:41:47]} {[%emt
00:00:28]} Qf6 {[%clk 00:07:08]} {[%emt 00:01:56]} 75. Qa8 {[%clk 00:39:54]}
{[%emt 00:02:25]} b2 {[%clk 00:06:52]} {[%emt 00:00:46]} 76. Qd5+ {[%clk
00:40:14]} {[%emt 00:00:09]} Kg6 {[%clk 00:06:41]} {[%emt 00:00:43]} 77. Qe4+
{[%clk 00:40:02]} {[%emt 00:00:42]} Kh6 {[%clk 00:06:56]} {[%emt 00:00:14]} 78.
f4 {[%clk 00:37:29]} {[%emt 00:03:03]} Qxf4 {[%clk 00:04:18]} {[%emt 00:03:08]}
79. Qe6+ {[%clk 00:37:51]} {[%emt 00:00:08]} Kg7 {[%clk 00:03:59]} {[%emt
00:00:49]} 80. Qe7+ {[%clk 00:38:08]} {[%emt 00:00:13]} Kg6 {[%clk 00:04:16]}
{[%emt 00:00:13]} 81. Qe8+ {[%clk 00:36:47]} {[%emt 00:01:51]} Qf7 {[%clk
00:04:04]} {[%emt 00:00:42]} 82. Qe4+ {[%clk 00:37:03]} {[%emt 00:00:14]} Kg7
{[%clk 00:03:53]} {[%emt 00:00:41]} 83. Qd4+ {[%clk 00:36:06]} {[%emt
00:01:27]} Qf6 {[%clk 00:04:16]} {[%emt 00:00:07]} 84. Qd7+ {[%clk 00:36:32]}
{[%emt 00:00:03]} Kg6 {[%clk 00:03:29]} {[%emt 00:01:18]} 85. Qd3+ {[%clk
00:36:49]} {[%emt 00:00:13]} Qf5 {[%clk 00:02:37]} {[%emt 00:01:23]} 86. Qa6+
{[%clk 00:36:48]} {[%emt 00:00:30]} Kh5 {[%clk 00:02:49]} {[%emt 00:00:17]} 87.
Qe2+ {[%clk 00:36:57]} {[%emt 00:00:20]} Qg4+ {[%clk 00:03:14]} {[%emt
00:00:07]} 88. Qxg4+ {[%clk 00:37:21]} {[%emt 00:00:06]} Kxg4 {[%clk 00:03:42]}
{[%emt 00:00:03]} 0-1

[Event "Deutsche Ländermeisterschaft 2023"]
[Site "Hannover GER"]
[Date "2023.10.01"]
[Round "1"]
[White "Frydel, Helena"]
[Black "Margaryan, Mane"]
[Result "1/2-1/2"]
[Termination "normal"]
[Board "6.8"]
[WhiteElo "1159"]
[BlackElo "1382"]
[WhiteClock "00:16:43"]
[BlackClock "00:26:47"]
[WhiteTeam "Saarland & Friends"]
[BlackTeam "Schleswig-Holstein"]
[PlyCount "104"]
[WhiteFideId "16266536"]
[BlackFideId "16268237"]
[EventCountry "GER"]
[EventRounds "7"]
[EventType "team-swiss"]
[EventDate "2023.09.30"]

1. e4 {[%clk 01:30:56]} {[%emt 00:00:03]} c5 {[%clk 01:30:54]} {[%emt
00:00:06]} 2. Nf3 {[%clk 01:31:13]} {[%emt 00:00:13]} e6 {[%clk 01:30:58]}
{[%emt 00:00:26]} 3. Nc3 {[%clk 01:30:00]} {[%emt 00:01:43]} a6 {[%clk
01:29:55]} {[%emt 00:01:34]} 4. Bc4 {[%clk 01:29:00]} {[%emt 00:01:30]} b5
{[%clk 01:29:12]} {[%emt 00:01:13]} 5. Be2 {[%clk 01:28:46]} {[%emt 00:00:44]}
d5 {[%clk 01:27:46]} {[%emt 00:01:56]} 6. exd5 {[%clk 01:26:39]} {[%emt
00:02:38]} exd5 {[%clk 01:27:54]} {[%emt 00:00:22]} 7. d4 {[%clk 01:24:59]}
{[%emt 00:02:10]} c4 {[%clk 01:27:17]} {[%emt 00:01:07]} 8. a3 {[%clk
01:24:21]} {[%emt 00:01:08]} Nf6 {[%clk 01:25:44]} {[%emt 00:02:02]} 9. O-O
{[%clk 01:23:44]} {[%emt 00:01:08]} g6 {[%clk 01:24:06]} {[%emt 00:02:08]} 10.
Re1 {[%clk 01:23:02]} {[%emt 00:01:12]} Be6 {[%clk 01:19:54]} {[%emt 00:04:42]}
11. Bg5 {[%clk 01:20:34]} {[%emt 00:02:58]} Bg7 {[%clk 01:19:35]} {[%emt
00:00:49]} 12. Qd2 {[%clk 01:12:53]} {[%emt 00:08:09]} h6 {[%clk 01:18:48]}
{[%emt 00:01:19]} 13. Bh4 {[%clk 01:06:42]} {[%emt 00:06:41]} O-O {[%clk
01:18:31]} {[%emt 00:00:48]} 14. h3 {[%clk 01:05:03]} {[%emt 00:02:09]} Nc6
{[%clk 01:17:26]} {[%emt 00:01:35]} 15. Ne5 {[%clk 01:03:23]} {[%emt 00:02:10]}
Qb6 {[%clk 01:13:47]} {[%emt 00:04:05]} 16. Nxc6 {[%clk 00:58:09]} {[%emt
00:05:48]} Qxc6 {[%clk 01:13:34]} {[%emt 00:00:42]} 17. Bf3 {[%clk 00:57:34]}
{[%emt 00:01:05]} g5 {[%clk 01:11:19]} {[%emt 00:02:46]} 18. Bg3 {[%clk
00:57:32]} {[%emt 00:00:32]} Rad8 {[%clk 01:11:05]} {[%emt 00:00:43]} 19. Rad1
{[%clk 00:50:23]} {[%emt 00:07:39]} Rfe8 {[%clk 01:10:35]} {[%emt 00:00:59]}
20. Na2 {[%clk 00:42:26]} {[%emt 00:08:28]} Qb6 {[%clk 01:02:41]} {[%emt
00:08:24]} 21. Nc3 {[%clk 00:38:40]} {[%emt 00:04:16]} Re7 {[%clk 00:50:09]}
{[%emt 00:13:02]} 22. Be5 {[%clk 00:37:34]} {[%emt 00:01:36]} a5 {[%clk
00:47:47]} {[%emt 00:02:51]} 23. Bxf6 {[%clk 00:36:33]} {[%emt 00:01:31]} Bxf6
{[%clk 00:47:57]} {[%emt 00:00:20]} 24. Re2 {[%clk 00:33:54]} {[%emt 00:03:10]}
b4 {[%clk 00:46:39]} {[%emt 00:01:48]} 25. axb4 {[%clk 00:27:44]} {[%emt
00:06:41]} Qxb4 {[%clk 00:43:23]} {[%emt 00:03:46]} 26. Rde1 {[%clk 00:26:21]}
{[%emt 00:01:53]} Qxb2 {[%clk 00:40:22]} {[%emt 00:03:30]} 27. Nxd5 {[%clk
00:25:32]} {[%emt 00:01:19]} Bxd5 {[%clk 00:39:27]} {[%emt 00:01:25]} 28. Rxe7
{[%clk 00:25:51]} {[%emt 00:00:11]} Bxe7 {[%clk 00:39:18]} {[%emt 00:00:39]}
29. Rxe7 {[%clk 00:26:13]} {[%emt 00:00:08]} Bxf3 {[%clk 00:39:08]} {[%emt
00:00:40]} 30. gxf3 {[%clk 00:26:29]} {[%emt 00:00:15]} Qxd4 {[%clk 00:37:56]}
{[%emt 00:01:42]} 31. Qxa5 {[%clk 00:25:55]} {[%emt 00:01:04]} Rf8 {[%clk
00:34:44]} {[%emt 00:03:41]} 32. Qa6 {[%clk 00:25:02]} {[%emt 00:01:16]} Qd1+
{[%clk 00:33:46]} {[%emt 00:01:31]} 33. Kg2 {[%clk 00:25:09]} {[%emt 00:00:24]}
Qxc2 {[%clk 00:33:09]} {[%emt 00:01:11]} 34. Qxh6 {[%clk 00:23:40]} {[%emt
00:01:58]} Qd2 {[%clk 00:29:36]} {[%emt 00:04:02]} 35. h4 {[%clk 00:23:11]}
{[%emt 00:01:00]} c3 {[%clk 00:27:59]} {[%emt 00:02:08]} 36. Qxg5+ {[%clk
00:22:49]} {[%emt 00:00:52]} Qxg5+ {[%clk 00:28:07]} {[%emt 00:00:21]} 37. hxg5
{[%clk 00:23:11]} {[%emt 00:00:08]} Rc8 {[%clk 00:28:31]} {[%emt 00:00:06]} 38.
Re1 {[%clk 00:23:30]} {[%emt 00:00:11]} c2 {[%clk 00:28:41]} {[%emt 00:00:21]}
39. Rc1 {[%clk 00:23:51]} {[%emt 00:00:09]} Kg7 {[%clk 00:29:05]} {[%emt
00:00:06]} 40. f4 {[%clk 00:22:44]} {[%emt 00:01:37]} Kg6 {[%clk 00:29:16]}
{[%emt 00:00:19]} 41. Kg3 {[%clk 00:22:05]} {[%emt 00:01:06]} Kf5 {[%clk
00:29:26]} {[%emt 00:00:24]} 42. Kf3 {[%clk 00:21:52]} {[%emt 00:00:42]} Rc3+
{[%clk 00:29:33]} {[%emt 00:00:23]} 43. Ke2 {[%clk 00:20:54]} {[%emt 00:01:28]}
Kxf4 {[%clk 00:29:36]} {[%emt 00:00:27]} 44. Kd2 {[%clk 00:20:24]} {[%emt
00:01:00]} Rc5 {[%clk 00:29:32]} {[%emt 00:00:33]} 45. Rxc2 {[%clk 00:16:29]}
{[%emt 00:04:26]} Rxc2+ {[%clk 00:29:54]} {[%emt 00:00:08]} 46. Kxc2 {[%clk
00:16:44]} {[%emt 00:00:15]} Kxg5 {[%clk 00:27:57]} {[%emt 00:02:27]} 47. Kd3
{[%clk 00:16:56]} {[%emt 00:00:18]} Kf4 {[%clk 00:28:00]} {[%emt 00:00:26]} 48.
Ke2 {[%clk 00:17:16]} {[%emt 00:00:11]} f5 {[%clk 00:28:11]} {[%emt 00:00:19]}
49. f3 {[%clk 00:16:43]} {[%emt 00:01:03]} Kg3 {[%clk 00:28:18]} {[%emt
00:00:23]} 50. Ke3 {[%clk 00:16:58]} {[%emt 00:00:15]} Kg2 {[%clk 00:26:19]}
{[%emt 00:02:29]} 51. Kf4 {[%clk 00:16:27]} {[%emt 00:01:01]} Kf2 {[%clk
00:26:26]} {[%emt 00:00:22]} 52. Kxf5 {[%clk 00:16:43]} {[%emt 00:00:14]} Kxf3
{[%clk 00:26:47]} {[%emt 00:00:09]} 1/2-1/2

[Event "Deutsche Ländermeisterschaft 2023"]
[Site "Hannover GER"]
[Date "2023.10.01"]
[Round "1"]
[White "Kallweit, Paul"]
[Black "Dauner, Benedikt"]
[Result "0-1"]
[Termination "normal"]
[Board "7.1"]
[BlackTitle "FM"]
[WhiteElo "1900"]
[BlackElo "2385"]
[WhiteClock "00:02:20"]
[BlackClock "00:08:16"]
[WhiteTeam "Mecklenburg-Vorpommern"]
[BlackTeam "Baden"]
[PlyCount "72"]
[WhiteFideId "16228081"]
[BlackFideId "16225899"]
[EventCountry "GER"]
[EventRounds "7"]
[EventType "team-swiss"]
[EventDate "2023.09.30"]

1. d4 {[%clk 01:30:56]} {[%emt 00:00:03]} Nf6 {[%clk 01:30:41]} {[%emt
00:00:19]} 2. Bf4 {[%clk 01:31:14]} {[%emt 00:00:13]} d5 {[%clk 01:28:45]}
{[%emt 00:02:25]} 3. e3 {[%clk 01:31:18]} {[%emt 00:00:26]} e6 {[%clk
01:28:04]} {[%emt 00:01:11]} 4. Nd2 {[%clk 01:29:22]} {[%emt 00:02:26]} c5
{[%clk 01:27:11]} {[%emt 00:01:23]} 5. c3 {[%clk 01:28:12]} {[%emt 00:01:40]}
Nc6 {[%clk 01:27:02]} {[%emt 00:00:38]} 6. Ngf3 {[%clk 01:26:56]} {[%emt
00:01:47]} cxd4 {[%clk 01:27:01]} {[%emt 00:00:30]} 7. exd4 {[%clk 01:26:55]}
{[%emt 00:00:31]} Nh5 {[%clk 01:27:23]} {[%emt 00:00:08]} 8. Be3 {[%clk
01:27:00]} {[%emt 00:00:25]} Bd6 {[%clk 01:27:39]} {[%emt 00:00:14]} 9. Bd3
{[%clk 01:26:53]} {[%emt 00:00:39]} Nf4 {[%clk 01:28:00]} {[%emt 00:00:08]} 10.
Bxf4 {[%clk 01:27:10]} {[%emt 00:00:13]} Bxf4 {[%clk 01:28:22]} {[%emt
00:00:07]} 11. g3 {[%clk 01:26:37]} {[%emt 00:01:04]} Bh6 {[%clk 01:27:34]}
{[%emt 00:01:18]} 12. O-O {[%clk 01:26:00]} {[%emt 00:01:07]} O-O {[%clk
01:27:17]} {[%emt 00:00:46]} 13. Re1 {[%clk 01:25:37]} {[%emt 00:00:54]} Bd7
{[%clk 01:22:01]} {[%emt 00:05:46]} 14. b4 {[%clk 01:17:03]} {[%emt 00:09:04]}
Rc8 {[%clk 01:13:10]} {[%emt 00:09:20]} 15. a4 {[%clk 01:13:58]} {[%emt
00:03:35]} g6 {[%clk 01:07:19]} {[%emt 00:06:20]} 16. Ra3 {[%clk 00:59:27]}
{[%emt 00:15:00]} Re8 {[%clk 01:00:13]} {[%emt 00:07:37]} 17. a5 {[%clk
00:45:13]} {[%emt 00:14:44]} Bg7 {[%clk 00:53:56]} {[%emt 00:06:47]} 18. Qa1
{[%clk 00:40:51]} {[%emt 00:04:52]} e5 {[%clk 00:33:42]} {[%emt 00:20:44]} 19.
b5 {[%clk 00:34:16]} {[%emt 00:07:05]} e4 {[%clk 00:27:18]} {[%emt 00:06:55]}
20. bxc6 {[%clk 00:32:28]} {[%emt 00:02:18]} Bxc6 {[%clk 00:27:14]} {[%emt
00:00:33]} 21. Be2 {[%clk 00:28:02]} {[%emt 00:04:56]} exf3 {[%clk 00:27:37]}
{[%emt 00:00:07]} 22. Bxf3 {[%clk 00:27:54]} {[%emt 00:00:38]} Rxe1+ {[%clk
00:24:18]} {[%emt 00:03:50]} 23. Qxe1 {[%clk 00:28:19]} {[%emt 00:00:05]} Qd6
{[%clk 00:24:32]} {[%emt 00:00:15]} 24. Qa1 {[%clk 00:24:05]} {[%emt 00:04:44]}
h5 {[%clk 00:23:19]} {[%emt 00:01:43]} 25. Nf1 {[%clk 00:21:50]} {[%emt
00:02:45]} Bh6 {[%clk 00:22:32]} {[%emt 00:01:17]} 26. Qb2 {[%clk 00:20:30]}
{[%emt 00:01:50]} Re8 {[%clk 00:21:51]} {[%emt 00:01:11]} 27. Ra1 {[%clk
00:20:18]} {[%emt 00:00:42]} h4 {[%clk 00:19:12]} {[%emt 00:03:09]} 28. a6
{[%clk 00:09:05]} {[%emt 00:11:43]} b6 {[%clk 00:18:33]} {[%emt 00:01:09]} 29.
Rd1 {[%clk 00:07:22]} {[%emt 00:02:13]} Qf6 {[%clk 00:16:29]} {[%emt 00:02:35]}
30. Bg2 {[%clk 00:07:14]} {[%emt 00:00:38]} Qe6 {[%clk 00:15:24]} {[%emt
00:01:36]} 31. f4 {[%clk 00:04:13]} {[%emt 00:03:32]} Qg4 {[%clk 00:13:13]}
{[%emt 00:02:40]} 32. Qc2 {[%clk 00:02:45]} {[%emt 00:01:58]} h3 {[%clk
00:12:53]} {[%emt 00:00:50]} 33. Bh1 {[%clk 00:02:29]} {[%emt 00:00:46]} Bxf4
{[%clk 00:12:03]} {[%emt 00:01:20]} 34. Qd3 {[%clk 00:02:09]} {[%emt 00:00:50]}
Be3+ {[%clk 00:08:04]} {[%emt 00:04:29]} 35. Qxe3 {[%clk 00:01:51]} {[%emt
00:00:47]} Rxe3 {[%clk 00:07:55]} {[%emt 00:00:39]} 36. Nxe3 {[%clk 00:02:20]}
{[%emt 00:00:01]} Qe2 {[%clk 00:08:16]} {[%emt 00:00:09]} 0-1